|
|
|
|
| LEADER |
00000nam a2200000Ii 4500 |
| 001 |
DIGUCANT0111 |
| 003 |
NyNyDIG |
| 007 |
cr ||||||||||| |
| 008 |
220624s2021 sp ob 001 0 spa d |
| 006 |
m o d |
| 035 |
|
|
|a (OCoLC)1334421077
|
| 040 |
|
|
|a DGITA
|b eng
|e rda
|e pn
|c DGITA
|
| 020 |
|
|
|a 9788417888350
|q eBook
|q pdf
|
| 020 |
|
|
|z 9788417888343
|
| 043 |
|
|
|a e-sp---
|
| 050 |
1 |
4 |
|a PQ6554.P3 ebook
|
| 100 |
1 |
|
|a Ramos Martín, Antonio Manuel,
|d 1966-
|e author.
|
| 245 |
1 |
0 |
|a Cantabria a través de la literatura :
|b desde el siglo I a. de C. hasta el siglo XXI /
|c Antonio Manuel Ramos Martín.
|
| 264 |
|
1 |
|a Santander :
|b Ediciones Universidad Cantabria,
|c 2021.
|
| 300 |
|
|
|a 1 online resource.
|
| 336 |
|
|
|a text
|b txt
|2 rdacontent
|
| 337 |
|
|
|a computer
|b c
|2 rdamedia
|
| 338 |
|
|
|a online resource
|b cr
|2 rdacarrier
|
| 347 |
|
|
|a text file
|2 rdaft
|
| 347 |
|
|
|b PDF
|
| 490 |
1 |
|
|a Colección Analectas ;
|v #128
|
| 504 |
|
|
|a Includes bibliographical references and index.
|
| 588 |
0 |
|
|a Online resource; title from PDF title page (Digitalia, viewed June 24, 2022)
|
| 650 |
|
0 |
|a Spanish literature
|x History and criticism.
|
| 651 |
|
0 |
|a Cantabria (Spain)
|x In literature.
|
| 651 |
|
0 |
|a Cantabria (Spain)
|x Literary criticism.
|
| 655 |
|
0 |
|a Electronic books.
|
| 791 |
2 |
|
|a Digitalia (Firm),
|e distributor.
|
| 793 |
0 |
|
|g Digitalia eBook Collection:
|a Ediciones Universidad Cantabria
|
| 776 |
0 |
8 |
|i Print version:
|a Ramos Martín, Antonio Manuel, 1966-.
|t Cantabria a través de la literatura.
|d Santander : Ediciones Universidad Cantabria, 2021
|z 9788417888343
|
| 830 |
|
0 |
|a Colección Analectas ;
|v #128.
|
| 856 |
4 |
0 |
|3 Digitalia Hispánica
|u https://www.digitaliapublishing.com/a/103041/
|
| 910 |
|
|
|a Premium collection: 2022
|